Bifrontes - Palabras hacia adelante o hacia detrás - Estadísticas

Estadísticas generales
  • Esta prueba ha sido intentada 58 veces
  • La puntuación promedio es 8 de 16
Estadísticas de respuestas
Adelante Detrás Pareja de Palabras % Correcto
Cariño Ciudad italiana Amor / Roma
100%
Hacen dádivas 25 de diciembre Dadivan / Navidad
82%
Rezar Extraño Orar / raro
71%
Oreja Aversión Oído / odio
65%
Vaca Haber o existir Res / ser
63%
Etnia Casualidad Raza / azar
61%
Ranas P. ej.: Caldo, gazpacho Sapos / sopas
61%
Relativo a la sociedad Seculares Social / laicos
49%
Redondez Río ibérico Orbe / Ebro
45%
Forme copa Período Acope / época
39%
Tipo de ser viviente Aplasta o hace planchas Animal / lamina
35%
Un tipo de cereal Vulpina Arroz / zorra
35%
Golpeas con un látigo De forma de saeta Latigas / sagital
35%
Relativo a la Armada Limpian Naval / lavan
29%
Contamos Socarran Narramos / Somarran
22%
Ladren Nativo Latan / natal
14%
No se encontraron pruebas coincidentes
Distribución de puntuación
Porcentaje de gente con cada puntuación
Porcentaje por número respondido
Historial de tus puntuaciones
No has intentado esta prueba.